000 00771cam a2200277 4500500
005 20260405001753.0
041 _afre
042 _adc
100 1 0 _aEltchaninoff, Michel
_eauthor
245 0 0 _aRésonances / Juillet-août 2014
260 _c2014.
500 _a79
690 _aAlfred Korzybski
690 _aBernard Mandeville
690 _aCapitalisme
690 _aCarte
690 _aChine
690 _aCorruption
690 _aFrancis Fukuyama
690 _aMichel Houellebecq
690 _aTerritoire
690 _aTuring
690 _aVice
786 0 _nPhilosophie magazine | 81 | 7 | 2014-07-01 | p. 10-10 | 1951-1787
856 4 1 _uhttps://shs.cairn.info/magazine-philosophie-magazine-2014-7-page-10?lang=fr&redirect-ssocas=7080
999 _c2050927
_d2050927